48 ปี 6 ตุลาฯ : (ระเบียนเลขที่ 106055)
| 000 -LEADER | |
|---|---|
| fixed length control field | 01969nam a22002777a 4500 |
| 003 - CONTROL NUMBER IDENTIFIER | |
| control field | NALT |
| 005 - DATE AND TIME OF LATEST TRANSACTION | |
| control field | 20241030130350.0 |
| 008 - FIXED-LENGTH DATA ELEMENTS--GENERAL INFORMATION | |
| fixed length control field | 241028b th ||||| |||| 00| 0 tha d |
| 020 ## - INTERNATIONAL STANDARD BOOK NUMBER | |
| International Standard Book Number | 9786164884625 |
| 040 ## - CATALOGING SOURCE | |
| Original cataloging agency | NALT |
| 050 ## - LIBRARY OF CONGRESS CALL NUMBER | |
| Classification number | DS 578 |
| Item number | ก817ส 2567 |
| 100 0# - MAIN ENTRY--PERSONAL NAME | |
| Personal name | เกษียร เตชะพีระ |
| 9 (RLIN) | 55 |
| 245 10 - TITLE STATEMENT | |
| Title | 48 ปี 6 ตุลาฯ : |
| Remainder of title | สรรนิพนธ์ 6 ตุลาฯ ของเกษียร เตชะพีระ / |
| Statement of responsibility, etc. | เกษียร เตชะพีระ. |
| 250 ## - EDITION STATEMENT | |
| Edition statement | พิมพ์ครั้งแรก. |
| 260 ## - PUBLICATION, DISTRIBUTION, ETC. | |
| Place of publication, distribution, etc. | กรุงเทพฯ : |
| Name of publisher, distributor, etc. | มหาวิทยาลัยธรรมศาสตร์, |
| Date of publication, distribution, etc. | 2567. |
| 300 ## - PHYSICAL DESCRIPTION | |
| Extent | 142 หน้า : |
| Other physical details | ภาพประกอบ, ตาราง ; |
| Dimensions | 21 ซม. |
| 505 2# - FORMATTED CONTENTS NOTE | |
| Formatted contents note | กาพย์กลอน -- ความคับแค้น 6 ตุลาฯ -- เก้าอี้ว่าง โต๊ะร้าง น้ำตาริน -- บันทึก -- บันทึกรู้สึกแห่งยุคสมัย -- วิเคราะห์วิจารณ์ -- สองชาตินิยมชนกัน -- ทำไม 6 ตุลาฯ จึงจำยาก -- มองการเมืองไทยจากมุมคนเดือนตุลา. |
| 650 #4 - SUBJECT ADDED ENTRY--TOPICAL TERM | |
| Topical term or geographic name entry element | วรรณกรรมไทย |
| General subdivision | แง่การเมือง |
| 9 (RLIN) | 65024 |
| 651 #4 - SUBJECT ADDED ENTRY--GEOGRAPHIC NAME | |
| Geographic name | ไทย |
| General subdivision | การเมืองและการปกครอง |
| 9 (RLIN) | 76 |
| 651 #4 - SUBJECT ADDED ENTRY--GEOGRAPHIC NAME | |
| Geographic name | ไทย |
| General subdivision | การเมืองและการปกครอง |
| Chronological subdivision | กรุงรัตนโกสินทร์, 2519 |
| 9 (RLIN) | 4337 |
| 651 #4 - SUBJECT ADDED ENTRY--GEOGRAPHIC NAME | |
| Geographic name | ไทย |
| General subdivision | ประวัติศาสตร์ |
| Chronological subdivision | กรุงรัตนโกสินทร์, 2519 |
| 9 (RLIN) | 20737 |
| 942 ## - ADDED ENTRY ELEMENTS (KOHA) | |
| Koha item type | General Book |
| Source of classification or shelving scheme | Library of Congress Classification |
| 996 ## - STAFF PROCESSING RECORDS (NALT) | |
| Staff name | pitikan.s |
| Staff type | CATSTF |
| Acquisition or Cataloging date | 2024-10-28 |
| 996 ## - STAFF PROCESSING RECORDS (NALT) | |
| Staff name | saiphon.d |
| Staff type | CATSTF |
| Acquisition or Cataloging date | 2024-10-30 |
| 998 ## - STAFF NAME (NALT) | |
| -- | 104 |
| -- | นางสาวสายฝน ดีงาม |
| Withdrawn status | Lost status | Source of classification or shelving scheme | Damaged status | Not for loan | Collection code | Home library | Current library | Shelving location | Date acquired | Total Checkouts | Full call number | Barcode | Date last seen | Price effective from | Koha item type |
|---|---|---|---|---|---|---|---|---|---|---|---|---|---|---|---|
| Library of Congress Classification | General Book collection | National Assembly Library of Thailand | National Assembly Library of Thailand | General Book shelves | 28/10/2024 | DS 578 ก817ส 2567 | 3961214651 | 10/02/2025 | 28/10/2024 | General Book |
